EĞLENCELİ TEKERLEKLER BAY İTFAİYE (Record no. 985929)

MARC details
000 -LEADER
sabit uzunluktaki kontrol alanı 00260nam a2200097Ia 4500
001 - KONTROL NUMARASI
kontrol alanı 985929
005 - EN SON İŞLEMİN TARİH VE ZAMANI
kontrol alanı 20250826221052.0
008 - SABİT-UZUNLUKTA VERİ ÖĞELERİ--GENEL BİLGİ
sabit uzunluktaki kontrol alanı 250824s9999 xx 000 0 und d
245 #0 - ESER / YAZAR
ESER ADI EĞLENCELİ TEKERLEKLER BAY İTFAİYE
Yazar Adı HARRY SIMPSON
260 ## - YAYIN, DAĞITIM, VB.
YAYIN EVİ DOKUZ YAYINCILIK
Holdings
Düşüm durumu Kayıp durumu Hasar Durumu Ödünç verilmez Ana kütüphane Geçerli Kütüphane Edinilen tarih Toplam ödünç verme sayısı Barkod İade tarihi Son görüntüleme tarihi Son ödünç verme tarihi Fiyatın geçerli olmaya başladığı tarih Koha materyal türü
        CEMİLE ERKUNT İLKOKULU CEMİLE ERKUNT İLKOKULU 24.08.2025 2 10234915 09.05.2026 24.04.2026 24.04.2026 26.08.2025 Books